[Event "I liga CS 2016."]
[Site "Kragujevac,hotel Sumarice"]
[Date "2016.09.13"]
[Round "5.6"]
[White "Ilic, Zoran S"]
[Black "Nestorovic, Dejan"]
[Result "1/2-1/2"]
[WhiteElo "2279"]
[BlackElo "2380"]
[PlyCount "80"]
[EventDate "2016.09.10"]

1. d4 Nf6 2. c4 e6 3. Nf3 Bb4+ 4. Bd2 c5 5. Bxb4 cxb4 6. g3 O-O 7. Bg2 d6 8.
O-O a5 9. Qd3 Qc7 10. Nbd2 Rd8 11. Rfc1 Na6 12. e3 h6 13. Ne1 Bd7 14. a3 Bc6
15. Nc2 bxa3 16. Rxa3 Bxg2 17. Kxg2 b6 18. Kg1 Rdc8 19. Rc3 Qb7 20. Rb1 d5 21.
b4 dxc4 22. Rxc4 Rxc4 23. Nxc4 Nxb4 24. Nxb4 axb4 25. Rxb4 Ra1+ 26. Rb1 Qa6 27.
Rxa1 Qxa1+ 28. Kg2 Qa8+ 29. Kg1 b5 30. Ne5 Qa4 31. Kg2 Qa8+ 32. Kg1 Qa4 33. Kg2
Qa8+ 34. Kg1 Qb7 35. h4 Ne4 36. Qb3 g5 37. hxg5 hxg5 38. Qb4 Kg7 39. Nd3 Qd7
40. Nc5 Nxc5 1/2-1/2

[Event "I liga CS 2016."]
[Site "Kragujevac,hotel Sumarice"]
[Date "2016.09.13"]
[Round "5.6"]
[White "Markovic, Zoran S"]
[Black "Milosavljevic, Ivan"]
[Result "1-0"]
[WhiteElo "2363"]
[BlackElo "2113"]
[PlyCount "121"]
[EventDate "2016.09.10"]

1. e4 e5 2. Nf3 Nc6 3. Bb5 Nd4 4. Nxd4 exd4 5. O-O c6 6. Bc4 d6 7. Re1 Be6 8.
Bxe6 fxe6 9. d3 g6 10. e5 d5 11. Qg4 Qd7 12. Qxd4 Bg7 13. Bg5 Ne7 14. Qb4 b6
15. Bxe7 Qxe7 16. Qxe7+ Kxe7 17. Nd2 Rhf8 18. Re2 Rf5 19. d4 c5 20. c3 Rc8 21.
Nf1 cxd4 22. cxd4 Rf4 23. Rd1 Bh6 24. b3 Rc3 25. f3 Rf8 26. Kf2 Rfc8 27. Ne3 a5
28. g3 b5 29. f4 Bg7 30. Rdd2 Kd7 31. Rc2 Bf8 32. Rxc3 Rxc3 33. Rd2 Bb4 34. Ke2
h5 35. Rc2 a4 36. Rxc3 Bxc3 37. Nc2 Ba5 38. h3 Bd8 39. g4 Be7 40. Kf3 Bd8 41.
Na3 Kc6 42. gxh5 gxh5 43. f5 Be7 44. Nc2 Kd7 45. Kf4 Bh4 46. Na3 axb3 47. axb3
Be1 48. fxe6+ Kxe6 49. Nxb5 Bd2+ 50. Kf3 Kd7 51. Ke2 Bb4 52. Kd3 Be1 53. Nc3
Ke6 54. b4 Bh4 55. b5 Bd8 56. Ne2 Kf5 57. Nc3 Kf4 58. Nxd5+ Kg3 59. b6 Bxb6 60.
Nxb6 Kxh3 61. e6 1-0

[Event "I liga CS 2016."]
[Site "Kragujevac,hotel Sumarice"]
[Date "2016.09.13"]
[Round "5.6"]
[White "Todorovic, Nenad I"]
[Black "Vucinic, Gojko"]
[Result "1-0"]
[WhiteElo "2251"]
[BlackElo "2439"]
[PlyCount "91"]
[EventDate "2016.09.10"]

1. e4 c5 2. Nf3 d6 3. d4 cxd4 4. Nxd4 Nf6 5. Nc3 a6 6. Be3 e5 7. Nb3 Be6 8. f3
Be7 9. Qd2 Nbd7 10. g4 b5 11. O-O-O Nb6 12. g5 Nh5 13. Nd5 Nxd5 14. exd5 Bd7
15. Na5 Qc7 16. Kb1 O-O 17. Be2 f6 18. gxf6 Bxf6 19. Nc6 Nf4 20. Bxf4 exf4 21.
Bd3 Bxc6 22. dxc6 d5 23. Bf5 Rad8 24. Bd7 d4 25. Rhe1 g6 26. Re6 Rxd7 27. cxd7
Qxd7 28. Rde1 Bg7 29. Qd3 g5 30. h3 a5 31. Qe4 h6 32. Re7 Qf5 33. Re8 Qxh3 34.
Rxf8+ Bxf8 35. Qg6+ Kh8 36. Qf7 Bg7 37. a3 Kh7 38. b3 d3 39. cxd3 b4 40. a4 Qc8
41. Re7 Qg8 42. Qf5+ Kh8 43. Kc2 Qf8 44. Qe6 Qf6 45. Re8+ Kh7 46. Qg8+ 1-0

[Event "I liga CS 2016."]
[Site "Kragujevac,hotel Sumarice"]
[Date "2016.09.13"]
[Round "5.6"]
[White "Milenkovic, Mladen"]
[Black "Djukic, Nebojsa"]
[Result "1/2-1/2"]
[WhiteElo "2344"]
[BlackElo "2196"]
[PlyCount "122"]
[EventDate "2016.09.10"]

1. e4 e6 2. d4 d5 3. Nc3 Nf6 4. Bd3 c5 5. exd5 Nxd5 6. Nf3 cxd4 7. Ne2 Bb4+ 8.
Bd2 Nc6 9. Nexd4 Nxd4 10. Nxd4 Qg5 11. Bb5+ Bd7 12. Bxd7+ Kxd7 13. c3 Qe5+ 14.
Ne2 Bd6 15. c4 Nb6 16. Bc3 Qh5 17. Qd3 Ke7 18. Qe4 Rac8 19. b3 Rc6 20. Nd4 Rc7
21. Nb5 Rd7 22. Nxd6 Kxd6 23. c5+ Kxc5 24. Bxg7 Rhd8 25. O-O Rd5 26. Bf6 R8d7
27. Qc2+ Kd6 28. a4 Qf5 29. Qb2 e5 30. Bh4 Ke6 31. Rae1 f6 32. Bg3 Rd2 33. Qa3
Kf7 34. a5 Nd5 35. Qc5 b6 36. axb6 axb6 37. Qc8 Ne7 38. Qb8 Nd5 39. h3 h5 40.
Rc1 Kg7 41. Rc8 Qe6 42. Kh2 Ne7 43. Rh8 Qf7 44. f4 Ng6 45. Rxh5 Qd5 46. Rg1 Qf3
47. Rf5 R7d3 48. Kh1 Qxg3 49. Rh5 exf4 50. Qxb6 f3 51. Qb7+ Kg8 52. Qa8+ Nf8
53. Rh8+ Kxh8 54. Qxf8+ Kh7 55. Qf7+ Kh6 56. Qxf6+ Kh7 57. Qf7+ Kh8 58. Qf8+
Kh7 59. Qf7+ Kh6 60. Qf6+ Kh5 61. Qf5+ Kh4 1/2-1/2

[Event "I liga CS 2016."]
[Site "Kragujevac,hotel Sumarice"]
[Date "2016.09.13"]
[Round "5.6"]
[White "Grkovic, Vladan"]
[Black "Organdziev, Oliver"]
[Result "1/2-1/2"]
[WhiteElo "2178"]
[BlackElo "2259"]
[PlyCount "39"]
[EventDate "2016.09.10"]

1. d4 d5 2. c4 Bf5 3. cxd5 Bxb1 4. Qa4+ Qd7 5. Qxd7+ Nxd7 6. Rxb1 Ngf6 7. Bd2
Nxd5 8. e4 N5f6 9. Rc1 c6 10. e5 Nd5 11. Bc4 N7b6 12. Bb3 e6 13. a3 Be7 14. f4
h5 15. Nf3 g6 16. Ke2 O-O-O 17. g3 Kb8 18. Ba5 Rd7 19. Bxb6 axb6 20. Bxd5
1/2-1/2